Arsenal Dream XI - Statistics

General Stats
  • This quiz has been taken 1,229 times
    1,136 since last reset
  • The average score is 11 of 22
Answer Stats
Position Answer % Correct
ST Thierry Henry
98%
CM Patrick Vieira
86%
GK David Seaman
85%
ST Dennis Bergkamp
85%
LM Robert Pires
83%
CB Sol Campbell
79%
LB Ashely Cole
75%
CB Tony Adams
75%
RM Freddie Ljungberg
61%
ST Ian Wright
56%
RB Lee Dixon
52%
CB Martin Keown
42%
LB Nigel Winterburn
42%
CM Emmanuel Petit
39%
CM Ray Parlour
35%
LM Marc Overmars
33%
CM Liam Brady
23%
CB David O'Leary
14%
GK Pat Jennings
13%
RM David Rocastle
12%
RB Pat Rice
11%
ST Ted Drake
5%
No matching quizzes found
Score Distribution
Percent of People with Each Score
Percentile by Number Answered
Your Score History
You have not taken this quiz since the last reset